Geography Quiz

Random Geography or World Quiz

'P' Countries on a Map Quiz Stats

Quiz Updated Feb 23, 2016

Challenge
Share
Tweet
Score 0/10 Timer 01:30
23 Plays Today
% Correct
Portugal
95.8%
Peru
94.5%
Poland
92.6%
Paraguay
92.5%
Pakistan
92.2%
Panama
91.8%
Philippines
84.7%
Papua New Guinea
83.1%
Palestine
81.1%
Palau
70.9%

You're not logged in!

Compare scores with friends on all Sporcle quizzes.
Join for Free
OR
Log In

You Might Also Like...

Show Comments

Extras

Top Quizzes Today


Score Distribution

Your Account Isn't Verified!

In order to create a playlist on Sporcle, you need to verify the email address you used during registration. Go to your Sporcle Settings to finish the process.

Report this User

Report this user for behavior that violates our Community Guidelines.

Details: